000 00677nam a2200289Ia 4500
005 20260324133120.0
008 008 260324s9999 xx 000 0 eng d
020 _a9780203613450
037 _aEBOOK
040 _aCRL
040 _beng
040 _cCRL
041 _2eng
041 _aeng
084 _qCRL
100 _aCharles Stafford
_91167145
245 0 _aLiving with Separation in China
245 0 _bAnthropological Accounts
260 _bTaylor and Francis
260 _c2003
365 _a
365 _b315
856 _uhttp://www.taylorfrancis.com/books/9780203613450
942 _cEBOOK
999 _c1790611
_d1790611